Normal view
MARC view
Entry Corporate Name
001 - CONTROL NUMBER
- control field: 100785
003 - CONTROL NUMBER IDENTIFIER
- control field: NUST
005 - DATE AND TIME OF LATEST TRANSACTION
- control field: 20221019120832.0
008 - FIXED-LENGTH DATA ELEMENTS
- fixed length control field: 221019|| aca||aabn | a|a d
040 ## - CATALOGING SOURCE
- Original cataloging agency: NUST
- Transcribing agency: NUST
110 ## - HEADING--CORPORATE NAME
- Location of meeting: Project Supervisor: Dr. Hasan Aftab Saeed Co-Supervisor Asst. Prof Yasser Riaz
670 ## - SOURCE DATA FOUND
- Source citation: Work cat.: (NUST): Abdullah Nawaz Anas Maqsood Bazif Saleem Ghulam Jillani 100784, PR-SOF-2161-Sit to Stand Motion Assist System For Senior Citizens, 2022.
